10 States: Food Geography - Statistics

General Stats
  • This quiz has been taken 16 times
  • The average score is 8 of 10
Answers on the Map
Answers color-coded by a green-red scale on the quiz's map according to % correct below.
 
Answer Stats
Answer % Correct
Peaches
100%
Gumbo
93%
Oranges
93%
Potatos
93%
Cheese
87%
Corn
87%
Lobster
87%
Raisins
67%
Apples
60%
Blueberries
20%
No matching quizzes found
Score Distribution
Percent of People with Each Score
Percentile by Number Answered
Your Score History
You have not taken this quiz